|
|
|
|
| LEADER |
00000nas a2200000 a 4500 |
| 001 |
ssj0005978 |
| 003 |
WaSeSS |
| 005 |
20200512172242.0 |
| 006 |
m d |
| 007 |
cr n |
| 008 |
010302c20009999enkmr pss 0 0eng c |
| 010 |
|
|
|a 2001227325
|
| 015 |
|
|
|a GBB407023
|2 bnb
|
| 016 |
7 |
|
|a 012432792
|2 Uk
|
| 022 |
|
|
|a 1469-3178
|l 1469-221X
|y 1469-221X
|
| 035 |
|
|
|a (WaSeSS)ssj0005978
|
| 040 |
|
|
|a BXM
|b eng
|c BXM
|d EYM
|d OCLCQ
|d OCL
|d OCLCQ
|d SNJ
|d CIT
|d OCLCQ
|d OCLCF
|d OCLCA
|d VT2
|d OCLCO
|d OCLCE
|d UKMGB
|d OCLCQ
|d EUW
|d OCLCO
|d OCLCQ
|d Z5A
|d VGM
|d DLC
|d OCLCQ
|d OCL
|d NLE
|d OCLCO
|d BUF
|d OCLCQ
|d U3W
|d AU@
|d OCLCO
|d OCLCA
|d AUD
|d OCLCQ
|d OCLCO
|d LEAUB
|d OCLCA
|d OCL
|d OCLCA
|d WaSeSS
|
| 042 |
|
|
|a pcc
|a dlr
|
| 050 |
0 |
0 |
|a QH506
|
| 060 |
0 |
0 |
|a W1
|b EM369J
|
| 130 |
0 |
|
|a EMBO reports (Online)
|
| 245 |
1 |
0 |
|a EMBO reports
|h [electronic resource].
|
| 246 |
3 |
|
|a European Molecular Biology Organization reports
|
| 260 |
|
|
|a Oxford, UK :
|b Published for EMBO by Oxford University Press,
|c 2000-
|
| 310 |
|
|
|a Monthly
|
| 362 |
0 |
|
|a Vol. 1, issue 1 (July 2000)-
|
| 500 |
|
|
|a Title from title screen (viewed Mar. 2, 2001).
|
| 506 |
|
|
|a License restrictions may limit access.
|
| 538 |
|
|
|a Master and use copy. Digital master created according to Benchmark for Faithful Digital Reproductions of Monographs and Serials, Version 1. Digital Library Federation, December 2002.
|u http://purl.oclc.org/DLF/benchrepro0212
|5 MiAaHDL
|
| 538 |
|
|
|a Mode of access: World Wide Web.
|
| 550 |
|
|
|a Published with the assistance of HighWire Press.
|
| 583 |
1 |
|
|a digitized
|c 2010
|h HathiTrust Digital Library
|l committed to preserve
|2 pda
|5 MiAaHDL
|
| 588 |
|
|
|a Latest issue consulted: Vol. 18, issue 9 (Sept. 2017), (Wiley Online Library, viewed on September 18, 2017).
|
| 650 |
|
0 |
|a Molecular biology
|v Periodicals.
|
| 650 |
|
6 |
|a Biologie moléculaire
|v Périodiques.
|
| 650 |
|
7 |
|a Molecular biology.
|2 fast
|0 (OCoLC)fst01024734
|
| 650 |
1 |
7 |
|a Moleculaire biologie.
|2 gtt
|
| 650 |
1 |
7 |
|a Biologie moléculaire.
|2 rasuqam
|
| 650 |
1 |
2 |
|a Molecular Biology
|v Periodicals.
|
| 655 |
|
0 |
|a Electronic journals.
|
| 710 |
2 |
|
|a European Molecular Biology Organization.
|
| 710 |
2 |
|
|a Oxford University Press.
|
| 710 |
2 |
|
|a HighWire Press.
|
| 776 |
0 |
8 |
|i Print version:
|t EMBO reports
|x 1469-221X
|w (DLC) 00233101
|w (OCoLC)44769702
|
| 850 |
|
|
|a DLC
|
| 856 |
4 |
0 |
|z Full text available from Research Library: 07/15/2000 to 11/30/2013
|u https://search.proquest.com/publication/26169
|